000 00444nam a2200181Ia 4500
001 15890
005 20260306170229.0
008 260306t2013||||xx |||||||||||||| ||und||
041 _aESP
082 _a620.112
_bV65A
100 _aVillarreal Castro, Genner
_eAUT
245 0 _aResistencia de materiales II:
_bprácticas y exámenes USMP
260 _c2013
300 _a
_c
650 _aGEN
654 _aCII
942 _cLIB
_dJUS
_fJUS
_2ddc
_n
999 _c15890
_d15890